Normal view MARC view
  • Chacel, Rosa,

Entry Nombre Personal

Number of records used in: 4

001 - NUMERO DE CONTROL

  • campo de control: 39082

003 - IDENTIFICADOR DE NUMERO DE CONTROL

  • campo de control: DLC

005 - FECHA Y HORA DE LA ÜLTIMA TRANSACCIÓN

  • campo de control: 20241023153855.0

008 - DATOS DE LONGITUD FIJA

  • campo de control de longitud fija: 241023n||acannabbn n ana |d

010 ## - NÚMERO DE CONTROL DE LA BIBLIOTECA DEL CONGRESO

  • Número de control LC: n 79043187

035 ## - NUMERO DE CONTROL

  • Número de control: UPN11000011189

035 ## - NUMERO DE CONTROL

  • Número de control: (CaEvSKY)skya1358049

035 ## - NUMERO DE CONTROL

  • Número de control: (OCoLC)oca00276615

040 ## - FUENTE DE CATALOGACIÓN

  • Lenguaje de catalogación: spa
  • Agencia de transcripción: DLC
  • Agencia original de catalogación: DLC
  • Agencia que lo modifica: DLC
  • Agencia que lo modifica: OCoLC
  • Agencia que lo modifica: FMFIU
  • Agencia que lo modifica: MX-SlUA
  • Agencia que lo modifica: MX-MxUPN

046 ## - FECHAS CON CODIFICACIÓN ESPECIAL

  • Fecha de nacimiento: 18980603
  • Fecha de muerte: 19940727

053 #4 - NÚMERO DE CLASIFICACIÓN LC

  • Número de clasificación elemento-número único o número inicial de tramo: PQ6605 C2

100 1# - ENCABEZAMIENTO - NOMBRE PERSONAL

  • Nombre personal: Chacel, Rosa,
  • Fechas asociadas con el nombre: 1898-1994

370 ## - LUGAR ASOCIADO

  • Fuente del término: naf
  • Place of birth: Valladolid (España)
  • Place of death: Madrid (España)

372 ## - CAMPO DE ACTIVIDAD

  • Field of activity: Servicios de traducción

374 ## - OCUPACIÓN

  • Occupation: Novelista
  • Occupation: Poeta
  • Occupation: Ensayista
  • Occupation: Traductora

377 ## - LENGUA ASOCIADA

  • Language code: spa
  • Language code: fre

400 1# - VEÁSE - NOMBRE DE PERSONA

  • Personal name: Chacel Arimón, Rosa,
  • Dates associated with a name: 1898-1994
  • Control subfield: nna

670 ## - FUENTE EN LA QUE SE LOCALIZARON DATOS

  • Cita de la fuente: Autoridades LC, 23 octubre 2024 :
  • Información localizada: (Chacel, Rosa, 1898-1994)
  • Uniform Resource Identifier: https://lccn.loc.gov/n79043187

680 ## - NOTA PUBLICA DE ACCESO PÚBLICO

  • Frase explicativa de la referencia: Escritora española

902 ## - CATALOGADOR

  • Catalogador: MMA/190916

902 ## - CATALOGADOR

  • Catalogador: MaríaRobles/231024